| 000 | 00971nam a2200181 a 4500 | ||
|---|---|---|---|
| 001 | 49375 | ||
| 005 | 20180714034037.0 | ||
| 008 | 140415s2001 mx 000 0 spa d | ||
| 020 | _a970665089X | ||
| 041 | _aspa | ||
| 082 |
_a657.45 _bNOR |
||
| 245 | 0 | 0 |
_aNORMAS INTERNACIONALES DE AUDITORIA : _bPRONUNCIAMIENTOS TECNICOS |
| 250 | _a6a ed. | ||
| 260 |
_aMEXICO : _bINSTITUTO MEXICANO DE CONTADORES PUBLICOS, _c2001 |
||
| 300 |
_a280 _c22 x 15.9 x 3.4 |
||
| 520 | _aESTE LIBRO CONSTITUYE COMO UNA HERRAMIENTA DEL CONTADOR PÚBLICO EN LA PRÁCTICA DE LA AUDITORÍA, TAN ÚTIL EN SU BIBLIOTECA, POR SU CONTENIDO ACTUALIZADO COMO PUEDE SER EL DE NORMAS Y PROCEDIMIENTOS DE AUDITORÍA DE LA CONPA DEL IMCP. CONTIENE LA ESENCIA DE LA PRÁCTICA INTERNACIONAL DE AUDITORÍA Y DE LOS INFORMES QUE EL AUDITRO DEBE PRESENTAR COMO PRODUCTO DE SUS TRABAJOS DE AUDITORIA EN EL AMBIENTE INTERNACIONAL. | ||
| 650 | 1 | 4 |
_aAUDITORIA _xCIENCIAS ADMINISTRATIVAS _xCONTABILIDAD |
| 999 |
_c49375 _d49375 |
||